[Event "Oberliga Ost-A 0910"]
[Site "Germany"]
[Date "2010.02.28"]
[Round "8.8"]
[White "Schaefer, Reyk"]
[Black "Thiergen, Sven"]
[Result "1/2-1/2"]
[WhiteElo "2155"]
[BlackElo "2051"]
[PlyCount "43"]
[EventDate "2009.10.18"]
[EventType "team-tourn"]
[EventRounds "11"]
[EventCountry "GER"]
[SourceTitle "EXT 2011"]
[Source "ChessBase"]
[SourceDate "2010.11.26"]
[SourceVersion "1"]
[SourceVersionDate "2010.11.26"]
[SourceQuality "1"]
[WhiteTeam "Loeberitz"]
[BlackTeam "Leipzig VfB"]
[WhiteTeamCountry "GER"]
[BlackTeamCountry "GER"]

1. d4 Nf6 2. Nf3 g6 3. g3 Bg7 4. Bg2 0-0 5. 0-0 d5 6. c4 c6 7. cxd5 cxd5 8. Ne5 Nc6 9. Nc3 e6 10. Nxc6 bxc6 11. Bf4 Ba6 12. Be5 Qa5 13. Re1 Rfc8 14. Qa4 Qb6 15. Qc2 Nd7 16. Na4 Qb4 17. a3 Qc4 18. Qxc4 Bxc4 19. Bxg7 Kxg7 20. Rac1 a5 21. Bf1 Rab8 22. e3 1/2-1/2

[Event "Leipzig VfB op 13th"]
[Site "Leipzig"]
[Date "2006.03.19"]
[Round "9"]
[White "Thiergen, Sven"]
[Black "Richter, Steffen"]
[Result "1/2-1/2"]
[WhiteElo "2010"]
[BlackElo "2088"]
[PlyCount "111"]
[EventDate "2006.03.14"]
[EventType "swiss"]
[EventRounds "9"]
[EventCountry "GER"]
[SourceTitle "EXT 2008"]
[Source "ChessBase"]
[SourceDate "2007.11.25"]
[SourceVersion "1"]
[SourceVersionDate "2007.11.25"]
[SourceQuality "1"]

1. e4 d6 2. d4 g6 3. f4 Bg7 4. Nf3 a6 5. Be2 b5 6. 0-0 Bb7 7. e5 e6 8. a4 c6 9. Nbd2 d5 10. b3 Ne7 11. Bd3 0-0 12. Ba3 Re8 13. g4 h6 14. Qe1 Nd7 15. Qf2 Qb6 16. a5 Qa7 17. Nh4 c5 18. c3 cxd4 19. cxd4 Nc6 20. Ndf3 b4 21. Bb2 Bf8 22. f5 Ndxe5 23. Nxe5 Nxe5 24. fxg6 f5 25. Be2 Bc8 26. gxf5 exf5 27. Rac1 Ng4 28. Bxg4 fxg4 29. Nf5 Re4 30. Qg3 Bxf5 31. Rxf5 Bg7 32. Rxd5 Bxd4+ 33. Bxd4 Rxd4 34. Rxd4 Qxd4+ 35. Qf2 Qd5 36. Rf1 Rd8 37. Qf4 Qd4+ 38. Kg2 Qxf4 39. Rxf4 Rd5 40. Rxb4 Kg7 41. Rb6 Rxa5 42. Kg3 h5 43. Kf4 Ra2 44. Kg5 Ra5+ 45. Kf4 Kh6 46. Kg3 Rb5 47. Rxa6 Rxb3+ 48. Kg2 Rb5 49. Kg3 Rb3+ 50. Kg2 Rf3 51. Rb6 Kg7 52. Ra6 Rf6 53. Rxf6 Kxf6 54. Kg3 Kxg6 55. Kh4 Kf6 56. h3 1/2-1/2

[Event "Leipzig VfB op 13th"]
[Site "Leipzig"]
[Date "2006.03.18"]
[Round "8"]
[White "Schumann, Martin"]
[Black "Thiergen, Sven"]
[Result "0-1"]
[WhiteElo "1734"]
[BlackElo "2010"]
[PlyCount "42"]
[EventDate "2006.03.14"]
[EventType "swiss"]
[EventRounds "9"]
[EventCountry "GER"]
[SourceTitle "EXT 2008"]
[Source "ChessBase"]
[SourceDate "2007.11.25"]
[SourceVersion "1"]
[SourceVersionDate "2007.11.25"]
[SourceQuality "1"]

1. e4 e5 2. Nf3 Nc6 3. Bb5 a6 4. Ba4 Nf6 5. 0-0 Nxe4 6. Re1 Nf6 7. Nxe5 Nxe5 8. Rxe5+ Be7 9. c4 0-0 10. d4 d5 11. Bg5 dxc4 12. Qe2 Bd6 13. Bxf6 Qxf6 14. Re8 Be6 15. Rxa8 Rxa8 16. Qe3 Rd8 17. Nc3 Bf4 18. Qf3 b5 19. Bc2 Bg5 20. Qe4 g6 21. g4 Rxd4 0-1

[Event "Leipzig VfB op 13th"]
[Site "Leipzig"]
[Date "2006.03.16"]
[Round "4"]
[White "Just, Joachim"]
[Black "Thiergen, Sven"]
[Result "0-1"]
[WhiteElo "2146"]
[BlackElo "2010"]
[PlyCount "130"]
[EventDate "2006.03.14"]
[EventType "swiss"]
[EventRounds "9"]
[EventCountry "GER"]
[SourceTitle "EXT 2008"]
[Source "ChessBase"]
[SourceDate "2007.11.25"]
[SourceVersion "1"]
[SourceVersionDate "2007.11.25"]
[SourceQuality "1"]

1. Nf3 c5 2. b3 Nf6 3. Bb2 e6 4. e3 Be7 5. Be2 0-0 6. 0-0 b6 7. c4 Bb7 8. d3 Nc6 9. Nbd2 Rc8 10. a3 Qc7 11. Ra2 Ne8 12. Qa1 f5 13. d4 Bf6 14. Rd1 d6 15. Bc3 e5 16. d5 Ne7 17. e4 f4 18. b4 g5 19. Ne1 Ng7 20. Bg4 Rb8 21. a4 h5 22. Be6+ Nxe6 23. dxe6 Bc8 24. a5 Bxe6 25. axb6 axb6 26. b5 Rb7 27. Qb2 Kf7 28. Qb3 g4 29. Rda1 Ng6 30. Bb2 h4 31. Nf1 Bg5 32. Bc1 Qe7 33. Qd3 Rd8 34. f3 h3 35. fxg4 hxg2 36. Nxg2 Bxg4 37. Ra8 Rdd7 38. Nd2 Qe6 39. Nb1 Nh4 40. Nxh4 Bxh4 41. Rh8 Qg6 42. Kh1 Bf6 43. Rc8 Ra7 44. Ra8 Rxa1 45. Rxa1 Qh5 46. Ra3 Be2 47. Qh3 Qxh3 48. Rxh3 Bxc4 49. Nc3 Kg6 50. Kg2 Ra7 51. Bb2 Ra5 52. Rf3 Bxb5 53. Nd5 Bd8 54. Rf2 Bc6 55. Nc3 b5 56. Rd2 Be7 57. Kf3 b4 58. Rg2+ Kf7 59. Nd5 Bxd5 60. exd5 c4 61. Ke4 Ra2 62. Rd2 Bh4 63. Bc3 Rxd2 64. Bxd2 b3 65. Bc3 Be1 0-1

[Event "Baunatal op 8th"]
[Site "Baunatal"]
[Date "2002.08.11"]
[Round "7"]
[White "Thiergen, Sven"]
[Black "Benedikt, Alexander"]
[Result "1/2-1/2"]
[WhiteElo "1657"]
[BlackElo "1614"]
[PlyCount "66"]
[EventDate "2002.08.09"]
[EventType "swiss"]
[EventRounds "7"]
[EventCountry "GER"]
[SourceTitle "EXT 2003"]
[Source "ChessBase"]
[SourceDate "2002.11.25"]
[SourceVersion "1"]
[SourceVersionDate "2002.11.25"]
[SourceQuality "1"]

1. e4 c5 2. Nf3 Nc6 3. d4 cxd4 4. Nxd4 e5 5. Nb5 a6 6. Nd6+ Bxd6 7. Qxd6 Qf6 8. Qd1 d6 9. Nc3 Qd8 10. Bc4 Nf6 11. 0-0 h6 12. Re1 0-0 13. h3 Be6 14. Bd5 Bxd5 15. Nxd5 Nxd5 16. Qxd5 Qa5 17. Qxa5 Nxa5 18. b3 Rac8 19. c4 b5 20. cxb5 axb5 21. Ba3 Rc6 22. Red1 Nb7 23. Rd2 Ra8 24. Bb4 Kf8 25. Kf1 Ke7 26. Ke2 Nc5 27. Bxc5 dxc5 28. Rd5 f6 29. Kd3 Rd6 30. Rxd6 Kxd6 31. a4 c4+ 32. Kc3 Kc5 33. b4+ Kc6 1/2-1/2

[Event "Baunatal op 8th"]
[Site "Baunatal"]
[Date "2002.08.09"]
[Round "2"]
[White "Porth, Hartmut"]
[Black "Thiergen, Sven"]
[Result "1-0"]
[WhiteElo "2169"]
[BlackElo "1657"]
[PlyCount "83"]
[EventDate "2002.08.09"]
[EventType "swiss"]
[EventRounds "7"]
[EventCountry "GER"]
[SourceTitle "EXT 2003"]
[Source "ChessBase"]
[SourceDate "2002.11.25"]
[SourceVersion "1"]
[SourceVersionDate "2002.11.25"]
[SourceQuality "1"]

1. e4 e5 2. Nf3 Nc6 3. Bb5 Nf6 4. 0-0 Nxe4 5. d4 Nd6 6. Bxc6 dxc6 7. dxe5 Nf5 8. Qxd8+ Kxd8 9. Bg5+ Be7 10. Nc3 Be6 11. b3 Ke8 12. Rad1 f6 13. exf6 gxf6 14. Rfe1 Kf7 15. Ne4 Rad8 16. Bf4 Nd6 17. Nc5 Bg4 18. Bxd6 cxd6 19. Nxb7 Rd7 20. Na5 Bxf3 21. gxf3 Rc7 22. c3 d5 23. b4 Rg8+ 24. Kh1 Rg5 25. Nb3 Bd6 26. Rg1 Rh5 27. Rg2 Be5 28. Rdg1 Rg5 29. Rxg5 fxg5 30. Nd4 Kf6 31. Ne2 c5 32. b5 d4 33. c4 Kf5 34. Nc1 Bg7 35. Re1 Bf6 36. Nd3 Re7 37. Rxe7 Bxe7 38. a4 g4 39. a5 Bd8 40. b6 a6 41. Kg2 gxf3+ 42. Kxf3 1-0

[Event "Baunatal op 8th"]
[Site "Baunatal"]
[Date "2002.08.09"]
[Round "1"]
[White "Thiergen, Sven"]
[Black "Jansen, Dirk Norbert"]
[Result "0-1"]
[WhiteElo "1657"]
[BlackElo "2137"]
[PlyCount "26"]
[EventDate "2002.08.09"]
[EventType "swiss"]
[EventRounds "7"]
[EventCountry "GER"]
[SourceTitle "EXT 2003"]
[Source "ChessBase"]
[SourceDate "2002.11.25"]
[SourceVersion "1"]
[SourceVersionDate "2002.11.25"]
[SourceQuality "1"]

1. e4 c5 2. Nf3 e6 3. d4 cxd4 4. Nxd4 a6 5. c4 Qc7 6. Nc3 Nf6 7. Bg5 Be7 8. Be2 h6 9. Bh4 Nxe4 10. Nxe4 Bxh4 11. Nf3 Be7 12. Qd4 Qa5+ 13. Kf1 0-0 0-1